110_ Personnalités nées un 20 avril par images - Statistiques

Statistiques générales
  • Ce quiz a été pris 41 fois
  • Le résultat moyen est 4 sur 9
Statistiques - réponses
Par images Hint Réponse % Correct
Dirigeant Politique Adolf Hitler
100%
Dirigeant Politique Napoléon III
68%
Politicien Éric Dupond-Moretti
63%
Tenisman Alexander Zverev
55%
Nageur Théo Curin
55%
Pilote de Moto Fabio Quartararo
50%
Chanteuse Adé
23%
Créateur de mode Paul Poiret
0%
Actrice Ruth Connell
0%
Aucun quiz correspondant
Distribution des résultats
% des personnes avec chaque résultat
Percentile par nombre de réponses
Votre historique - résultats
Vous n’avez pas pris ce quiz